000
00230nam a22000857a 4500
008
170111b xxu||||| |||| 00| 0 eng d
100
_9
2329
_a
Malhotra.S.etal.
245
_a
Fun with Mental Mathematics-4
260
_a
New Delhi
_b
Frank
_c
2011
999
_c
5267
_d
5267